Actividad de la banca extranjera en España entre 1920 y 1935 / [J. Víctor Arroyo]
Descripción Física:
148 p. : il. ; 25'5 cm
MARC
| LEADER | 00000nam a2200000Ia 4500 | ||
|---|---|---|---|
| 001 | 12537 | ||
| 008 | 160829s9999 xx 000 0 cat d | ||
| 080 | |a M-3-299 | ||
| 100 | |a Arroyo, J. Víctor |9 23811 | ||
| 245 | |a Actividad de la banca extranjera en España entre 1920 y 1935 / [J. Víctor Arroyo] | ||
| 260 | |a Bilbao : |b Banco Bilbao Vizcaya. Archivo Histórico, dl 1999 | ||
| 300 | |a 148 p. : |b il. ; |c 25'5 cm | ||
| 490 | |a Informaciones : Cuadernos de Archivo ; época IV, año VII, núm. 58 - 59 | ||
| 650 | |a Bancs |x Espanya |x 1920/1935 |9 37185 | ||
| 650 | |a Finances |x Espanya |x Història |x 1920/1935 |9 23813 | ||
| 901 | |a Arxiu | ||
| 942 | |n 1 | ||
| 952 | |0 0 |1 0 |4 0 |6 M3299 |7 1 |9 42865 |a Arxiu |b Arxiu |d 2016-12-01 |l 0 |o M-3-299 |p 12537 |r 2016-12-01 00:00:00 |w 2016-12-01 |y ARXIU | ||
| 999 | |c 45371 |d 45371 | ||